Levočské hradby rozoberajú domáci na súkromné stavby

Bibliographic Details
Main Author: Dubivská, Daniela, 1966- (Author)
Format: Article
Language:Slovak
PhysicalDescription:Fotogr.
ISSN:1335-759X
Subjects:

MARC

LEADER 00000nab a2200000 ar4500
001 vtls008426482
003 SK-MaSNL
005 20260304205258.0
008 060126c20041108xo mr|p|||||||000 b|slo
038 |a SNSK 
040 |b slo  |c SNSK  |e AACR2 
041 0 |a slo 
044 |a xo  |c SK 
080 |a 719  |2 UDC-MRF-SK2 
100 1 |a Dubivská, Daniela,  |d 1966-  |4 aut  |9 155615 
245 1 0 |a Levočské hradby rozoberajú domáci na súkromné stavby  |c Daniela Dubivská 
300 |b Fotogr. 
650 0 7 |a ochrana pamiatok  |2 snsk  |9 29625 
650 0 7 |a hradby  |2 snsk  |9 877299 
651 7 |a Levoča (Slovensko)  |2 snsk  |9 26696 
773 0 |t Spišský denník Korzár  |g Roč. VI., č. 258 (8.11.2004), s. 1.  |x 1335-759X 
852 |a SNSK  |b KIS3GCP 
999 |c 3120021  |d 3121951